Kyōdōtai no hikakushiteki kenkyū,
Saved in:
| Other Authors: | , |
|---|---|
| Format: | Book |
| Language: | Japanese |
| Published: |
Tōkyō,
Ajia Keizai Kenkyūjo, Ajia Keizai Shuppankai (hatsubai)
1973.
|
| Series: | Kenkyū sankō shiryō ;
209. |
| Subjects: | |
| Tags: |
Add Tag
No Tags, Be the first to tag this record!
|
| LEADER | 01353nam a2200337 4500 | ||
|---|---|---|---|
| 001 | 007765633-4 | ||
| 005 | 20024617115958.0 | ||
| 008 | 901012s1973 ja b 000 0 jpn | ||
| 010 | |a 74802077 /J | ||
| 015 | |a Ja73-19781 | ||
| 035 | 0 | |a ocm22500611 | |
| 040 | |a DLC |c WaU |d *YNH* |d CStRLIN | ||
| 050 | 0 | |a HD1251 |b .K95 | |
| 245 | 0 | 0 | |6 880-01 |a Kyōdōtai no hikakushiteki kenkyū, |c Kawashima Takeyoshi, Sumiya Kazuhiko hen. |
| 260 | |6 880-02 |a Tōkyō, |b Ajia Keizai Kenkyūjo, |b Ajia Keizai Shuppankai (hatsubai) |c 1973. | ||
| 300 | |a 317 p. |c 25cm. | ||
| 490 | 1 | |6 880-03 |a Ajia Keizai Kenkyūjo kenkyū sankō shiryō, |v 209 | |
| 504 | |a Includes bibliographical references. | ||
| 650 | 0 | |a Land tenure |x History. | |
| 650 | 0 | |a Village communities |x History. | |
| 700 | 1 | |6 880-04 |a Kawashima, Takeyoshi, |d 1909- |e ed. | |
| 700 | 1 | |6 880-05 |a Sumiya, Kazuhiko, |d 1925- |e ed. | |
| 880 | 0 | 0 | |6 245-01 |a 共同体の比較史的研究, |c 川島武宣, 住谷一彥編. |
| 880 | |6 260-02 |a 東京, |b アジア経済研究所, |b アジア経済出版会(発売) |c 1973. | ||
| 880 | 1 | |6 490-03 |a アジア経済研究所研究参考資料, |v 209 | |
| 880 | 1 | |6 700-04 |a 川島武宣, |d 1909- |e ed. | |
| 880 | 1 | |6 700-05 |a 住谷一彥, |d 1925- |e ed. | |
| 830 | 0 | |6 880-06 |a Kenkyū sankō shiryō ; |v 209. | |
| 880 | 0 | |6 830-06 |a 研究参考資料, |v 209. | |
| 988 | |a 20021214 | ||
| 906 | |0 DLC | ||


